Statistiques concernant L'Attaque des Titans (SNK):100 Personnages

Cliquez ici pour prendre le quiz!

Statistiques générales

  • Ce quiz a été pris 82 fois
  • Le résultat moyen est 7 sur 100

Statistiques - réponses

Personnage% Correct
1Eren Jäger
85%
2Mikasa Ackermann
40%
8Sasha Braus
34%
6Livai Ackermann
31%
9Connie Springer
29%
7Erwin Smith
29%
5Reiner Braun
29%
14Grisha Jäger
22%
17Historia Reiss
22%
28Ymir
20%
31Eren Kruger
18%
11Annie Leonhart
17%
12Hansi Zoe
17%
44Carla Jäger
15%
19Gaby Braun
15%
10Jean Kirschtein
15%
46Kenny Ackermann
15%
4Sieg Jäger
15%
13Bertholt Hoover
12%
3Armin Arlett
9%
25Capitaine Theo Magath
9%
18Commandant Dot Pixis
9%
37Hannes
8%
41Marco Bott
8%
36Niccolo
8%
42Petra Ralle
8%
54Udo
8%
15Ymir Fritz
8%
33Keith Shadis
6%
23Marcel Galliard
6%
27Onyankopon
6%
21Pieck Finger
6%
22Porco Galliard
6%
29Rod Reiss
6%
16Dinah Fritz
5%
49Faye Jäger
5%
30Frieda Reiss
5%
62Karina Braun
5%
75Nanaba
5%
55Sophia
5%
93Titan Assaillant
5%
95Titan Bestial
5%
97Titan Charette
5%
96Titan Colossal
5%
94Titan Cuirassé
5%
99Titan Feminin
5%
98Titan Machoire
5%
92Titan Originel
5%
26Yelena
5%
69Abel Reiss
3%
32Dr. Tom Xaver
3%
86Flegel Reeves
3%
68Florian Reiss
3%
38Hitch Dreyse
3%
47Kuchel Ackermann
3%
57Mina Carolina
3%
85Moses Braun
3%
70Thomas Wagner
3%
100Titan Marteau d'Armes
3%
34Darius Zackley
2%
83Dimo Reeves
2%
66Dirk Reiss
2%
53Erd Gin
2%
20Falco Greis
2%
24Floch Forster
2%
63Gleis
2%
45Gunther Schultz
2%
72Ian Dietrich
2%
35Kaya
2%
48Kiyomi Azumabito
2%
56Kord Greis
2%
89Maria Fritz
2%
43Naile Dork
2%
79Nifa
2%
90Rose Fritz
2%
91Sina Fritz
2%
67Ulklin Reiss
2%
65Uri Reiss
2%
52Willy Teyber
2%
81Alma
0%
78Anka Rheinberger
0%
58Aurille
0%
76Dieter Ness
0%
74Gelber
0%
64Gross
0%
77Henning
0%
87Kitts Verman
0%
60Kitz Woermann
0%
50Lara Teyber
0%
88Luke Siss
0%
51Lynne Teyber
0%
39Marlo Freudenberg
0%
40Miche Zacharius
0%
71Moblit Brener
0%
61Nick
0%
59Oluo Bossuard
0%
82Ralph
0%
73Ramzi
0%
84Roy
0%
80Traute Caven
0%

Distribution des résultats

Percentile par nombre de réponses

% des personnes avec chaque résultat

Votre développement - résultats

Vous n’avez pas pris ce quiz